Sports Quiz

Random Sports or MLB Quiz
Score 0/39 Timer 06:00
7 Plays Today
HRs Player % Correct
476Albert Pujols
92%
570Mark McGwire
90.5%
493Lou Gehrig
88.9%
449Jeff Bagwell
87.6%
373Ryan Howard
85.5%
363Todd Helton
84.7%
251Frank Thomas
83.1%
280Joey Votto
79.7%
312Jim Thome
79.6%
287Prince Fielder
78.2%
379Paul Konerko
76.4%
449Willie McCovey
76.1%
441Rafael Palmeiro
74%
481Jimmie Foxx
72.3%
464Fred McGriff
71.2%
409Eddie Murray
70.7%
312Adrian Gonzalez
70.2%
394Mark Teixeira
69.2%
425Carlos Delgado
68.5%
320Tino Martinez
65.7%
HRs Player % Correct
329Derrek Lee
64.8%
292Jason Giambi
64.6%
389Andres Galarraga
64.1%
274Carlos Pena
59.7%
281Will Clark
57.9%
292Mo Vaughn
55.9%
256Steve Garvey
55%
279Kent Hrbek
52.8%
275Hank Greenberg
51.8%
257Boog Powell
48.6%
313Orlando Cepeda
41.4%
349Gil Hodges
39.9%
282Eric Karros
39.5%
281Richie Sexson
39.5%
373Norm Cash
39.1%
287Lee May
33.2%
350Johnny Mize
31.3%
276Ted Kluszewski
29.5%
290Joe Adcock
19.8%

You're not logged in!

Compare scores with friends on all Sporcle quizzes.
OR
Log In

Sporcle TV

Today on Sporcle TV


Watch our educational content, quiz creation guides, and fun videos on Sporcle TV.

Show Comments

Extras

Top Quizzes Today


Score Distribution

Paid Content

Your Account Isn't Verified!

In order to create a playlist on Sporcle, you need to verify the email address you used during registration. Go to your Sporcle Settings to finish the process.

Report this User

Report this user for behavior that violates our Community Guidelines.

Details: